| 000 | 00932nam a2200229Ia 4500 | ||
|---|---|---|---|
| 999 |
_c40811 _d40811 |
||
| 001 | 7451 | ||
| 003 | GE_BSU | ||
| 005 | 20231214174351.0 | ||
| 008 | 181216s1958||||ge |||||||||||||| ||geo|| | ||
| 040 | _cGE_BSU | ||
| 041 | _ageo | ||
| 080 | _a821.353.1-31 დ-72 | ||
| 100 |
_aდოლიძე, ნინო _919872 |
||
| 245 |
_aახალი გზები : _bრომანი / _cნინო დოლიძე ; რედ. გ. ნატროშვილი ; მხატვ. ი. ჯანაშვილი. |
||
| 264 |
_aთბილისი : _bსაბჭ. საქართველო, _c1958. |
||
| 300 |
_a217 გვ. ; _c22 სმ. |
||
| 653 | _aახალი გზები | ||
| 653 | _aრომანი | ||
| 700 |
_a ნატროშვილი, გ. _eრედაქტორი _920748 |
||
| 700 |
_aჯანაშვილი, ი. _eმხატვარი _95653 |
||
| 942 |
_cBK _2udc |
||